[Event "London Classic op 4th"]
[Site "London"]
[Date "2012.12.05"]
[Round "5"]
[White "Eames, Robert"]
[Black "Millward, Richard"]
[Result "1-0"]
[WhiteElo "2263"]
[BlackElo "2048"]
[PlyCount "69"]
[EventDate "2012.12.01"]
[EventType "swiss"]
[EventRounds "9"]
[EventCountry "ENG"]
[SourceTitle "CBM 151 Extra"]
[Source "ChessBase"]
[SourceDate "2012.12.18"]
[SourceVersion "1"]
[SourceVersionDate "2012.12.18"]
[SourceQuality "1"]

1. d4 d5 2. c4 c6 3. Nf3 Nf6 4. e3 e6 5. b3 Be7 6. Bb2 Nbd7 7. Bd3 0-0 8. 0-0 b6 9. Nbd2 Bb7 10. Ne5 c5 11. f4 dxc4 12. bxc4 Qc7 13. Qe2 Rad8 14. Rad1 Bd6 15. g4 cxd4 16. exd4 Bb4 17. g5 Nxe5 18. fxe5 Nd7 19. Ne4 Rfe8 20. Rf4 Nf8 21. Rdf1 Ng6 22. Rg4 Rd7 23. h4 Red8 24. Rf3 Ne7 25. Nf6+ gxf6 26. gxf6+ Ng6 27. Rfg3 b5 28. h5 Qc6 29. d5 Bc5+ 30. Kf1 exd5 31. hxg6 fxg6 32. Bxg6 Kh8 33. cxb5 Qe6 34. Rh4 Rg8 35. Bxh7 1-0

[Event "Brighton e2e4 Challengers-A"]
[Site "Brighton"]
[Date "2012.02.16"]
[Round "2"]
[White "Taylor, Adam A"]
[Black "Millward, Richard"]
[Result "1/2-1/2"]
[WhiteElo "1839"]
[BlackElo "2048"]
[PlyCount "67"]
[EventDate "2012.02.15"]
[EventType "tourn"]
[EventRounds "9"]
[EventCountry "ENG"]
[SourceTitle "EXT 2014"]
[Source "ChessBase"]
[SourceDate "2013.11.20"]
[SourceVersion "1"]
[SourceVersionDate "2013.11.20"]
[SourceQuality "1"]

1. Nf3 Nf6 2. c4 g6 3. Nc3 Bg7 4. e4 d6 5. d4 0-0 6. Be2 c5 7. 0-0 cxd4 8. Nxd4 Nc6 9. Be3 a6 10. Rc1 e5 11. Nc2 Be6 12. f3 Nh5 13. Qd2 Nf4 14. Bxf4 exf4 15. Qxf4 Qb6+ 16. Kh1 Qxb2 17. Nd5 Be5 18. Qh6 Qxa2 19. f4 Bg7 20. Qh4 Bxd5 21. cxd5 Nb4 22. Nxb4 Qxe2 23. f5 Qb2 24. f6 Bxf6 25. Qxf6 Qxb4 26. Rc7 Qb5 27. h4 h5 28. Rf5 Qb1+ 29. Kh2 Qxe4 30. Rxf7 Rxf7 31. Qxf7+ Kh8 32. Qxg6 Qxh4+ 33. Kg1 Qe1+ 34. Kh2 1/2-1/2

[Event "London Classic op"]
[Site "London"]
[Date "2010.12.08"]
[Round "1"]
[White "Avrukh, Boris"]
[Black "Millward, Richard"]
[Result "1-0"]
[WhiteElo "2625"]
[BlackElo "2107"]
[PlyCount "87"]
[EventDate "2010.12.08"]
[EventType "swiss"]
[EventRounds "9"]
[EventCountry "ENG"]
[SourceTitle "CBM 139 Extra"]
[Source "ChessBase"]
[SourceDate "2011.01.05"]
[SourceVersion "1"]
[SourceVersionDate "2011.01.05"]
[SourceQuality "1"]

1. d4 d5 2. c4 e6 3. Nf3 Nf6 4. g3 c5 5. cxd5 exd5 6. Bg2 Nc6 7. 0-0 cxd4 8. Nxd4 Bc5 9. Nxc6 bxc6 10. Qc2 Qb6 11. Nc3 Be7 12. Be3 Qa6 13. Na4 0-0 14. Rfc1 Bd7 15. Bc5 Rfe8 16. e3 Rac8 17. Bxe7 Rxe7 18. Nc5 Qb6 19. Nxd7 Nxd7 20. Bxd5 Ne5 21. Be4 h6 22. Qc5 Qxc5 23. Rxc5 Rb8 24. Rd1 f5 25. Bxf5 Rxb2 26. Rc2 Rxc2 27. Bxc2 Rd7 28. Rxd7 Nxd7 29. Ba4 Nb8 30. f4 Kf7 31. e4 Ke6 32. Kf2 Kd6 33. Ke3 Nd7 34. e5+ Kc7 35. Kd4 c5+ 36. Ke4 Nb6 37. Bb5 Kd8 38. f5 Ke7 39. g4 Kf7 40. h4 Ke7 41. g5 hxg5 42. hxg5 Kf7 43. e6+ Kf8 44. f6 1-0

[Event "Brighton op"]
[Site "Brighton"]
[Date "2010.11.14"]
[Round "5"]
[White "Millward, Richard"]
[Black "Seyfried, Claus"]
[Result "1-0"]
[WhiteElo "2107"]
[BlackElo "2160"]
[PlyCount "109"]
[EventDate "2010.11.12"]
[EventType "swiss"]
[EventRounds "5"]
[EventCountry "ENG"]
[SourceTitle "EXT 2011"]
[Source "ChessBase"]
[SourceDate "2010.11.26"]
[SourceVersion "1"]
[SourceVersionDate "2010.11.26"]
[SourceQuality "1"]

1. e4 e5 2. Nf3 Nc6 3. Bb5 a6 4. Ba4 Nf6 5. 0-0 Be7 6. Bxc6 dxc6 7. Qe2 Bg4 8. h3 Bh5 9. d3 Bd6 10. Be3 Qe7 11. Nbd2 h6 12. Nc4 g5 13. g4 Bg6 14. Kg2 0-0-0 15. b4 h5 16. Bxg5 hxg4 17. hxg4 Qe6 18. Nxd6+ cxd6 19. Nh4 Rdg8 20. Bxf6 Qxf6 21. Nxg6 Rxg6 22. Rh1 Rh4 23. f3 Rgh6 24. Qf2 Qh8 25. Rxh4 Rxh4 26. Qg3 Qh6 27. g5 Qh7 28. Rg1 Rh5 29. c4 Kb8 30. a4 Qg8 31. Kf1 Qd8 32. g6 fxg6 33. Qxg6 Rh3 34. Qg4 Rh8 35. Qe6 Re8 36. Qg6 Rf8 37. Ke2 Ka8 38. Qg7 Re8 39. b5 cxb5 40. axb5 Qa5 41. Qf7 Rb8 42. Qd5 Qa2+ 43. Ke3 axb5 44. Qxd6 bxc4 45. Qxe5 Qa7+ 46. Qd4 Qxd4+ 47. Kxd4 Rf8 48. Kxc4 Rxf3 49. Rg8+ Ka7 50. d4 Rf1 51. e5 Rc1+ 52. Kd5 b5 53. e6 Re1 54. Kd6 b4 55. e7 1-0

[Event "Brighton op"]
[Site "Brighton"]
[Date "2010.11.13"]
[Round "2"]
[White "Millward, Richard"]
[Black "Garnett, John S"]
[Result "1/2-1/2"]
[WhiteElo "2107"]
[BlackElo "2035"]
[PlyCount "62"]
[EventDate "2010.11.12"]
[EventType "swiss"]
[EventRounds "5"]
[EventCountry "ENG"]
[SourceTitle "EXT 2011"]
[Source "ChessBase"]
[SourceDate "2010.11.26"]
[SourceVersion "1"]
[SourceVersionDate "2010.11.26"]
[SourceQuality "1"]

1. e4 c5 2. Nf3 Nc6 3. d4 cxd4 4. Nxd4 g6 5. Nc3 Bg7 6. Be3 Nf6 7. Qd2 0-0 8. f3 d5 9. Nxc6 bxc6 10. Bh6 dxe4 11. Bxg7 Qxd2+ 12. Kxd2 Kxg7 13. fxe4 Rd8+ 14. Bd3 Ng4 15. h3 Ne5 16. Ke3 Be6 17. b3 c5 18. Na4 c4 19. Be2 Rac8 20. b4 c3 21. Nc5 Bc4 22. Rhd1 Bxe2 23. Kxe2 Nc6 24. Rxd8 Rxd8 25. Nd3 Nd4+ 26. Kd1 Rd6 27. e5 Rd5 28. a4 Nc6 29. Ke2 Nd4+ 30. Kd1 Nc6 31. Ke2 Nd4+ 1/2-1/2

[Event "Gibraltar Challengers Week2"]
[Site "Gibraltar"]
[Date "2007.01.29"]
[Round "2"]
[White "Dimitrijevic, Dragan"]
[Black "Millward, Richard"]
[Result "1-0"]
[WhiteElo "2037"]
[BlackElo "2140"]
[PlyCount "117"]
[EventDate "2007.01.28"]
[EventType "swiss"]
[EventRounds "5"]
[EventCountry "ENG"]
[SourceTitle "EXT 2008"]
[Source "ChessBase"]
[SourceDate "2007.11.25"]
[SourceVersion "1"]
[SourceVersionDate "2007.11.25"]
[SourceQuality "1"]

1. Nf3 d5 2. c4 c6 3. d4 Nf6 4. Nc3 Bf5 5. Qb3 b6 6. cxd5 Nxd5 7. Bg5 f6 8. Bh4 Nxc3 9. bxc3 Qd5 10. Qa4 Bd7 11. c4 Qh5 12. Bg3 c5 13. Qb3 Nc6 14. d5 Na5 15. Qc3 e5 16. e3 Bd6 17. Be2 Qf7 18. Nd2 0-0 19. Ne4 Nb7 20. 0-0 Bf5 21. Nd2 Rae8 22. e4 Bg6 23. Qa3 Bb8 24. Qa4 Nd6 25. Bd3 f5 26. f3 f4 27. Bh4 h6 28. Qa6 Bh5 29. Bc2 g5 30. Bf2 Qf6 31. a4 Re7 32. a5 Nc8 33. Rab1 Bd6 34. Ba4 Be8 35. Bxe8 Rfxe8 36. Nb3 Qg6 37. Kh1 g4 38. axb6 axb6 39. Nd2 Rg7 40. fxg4 h5 41. g5 Qxg5 42. Rg1 Rf8 43. Nf3 Qg6 44. Rbe1 Ra7 45. Qb5 Ra2 46. Bh4 Ne7 47. Bxe7 Bxe7 48. Nxe5 Qd6 49. Nf3 Rfa8 50. e5 Qg6 51. d6 Bxd6 52. exd6 Qxd6 53. Re8+ Kf7 54. Rxa8 Rxa8 55. Qb1 Rg8 56. Rd1 Qf6 57. Qh7+ Rg7 58. Qxh5+ Ke7 59. Qd5 1-0

[Event "Gibraltar Masters"]
[Site "Gibraltar"]
[Date "2007.01.23"]
[Round "1"]
[White "Kuenitz, Klaus"]
[Black "Millward, Richard"]
[Result "0-1"]
[WhiteElo "1733"]
[BlackElo "2140"]
[PlyCount "38"]
[EventDate "2007.01.23"]
[EventType "swiss"]
[EventRounds "9"]
[EventCountry "ENG"]
[SourceTitle "CBM 116 Extra"]
[Source "ChessBase"]
[SourceDate "2007.03.07"]
[SourceVersion "1"]
[SourceVersionDate "2007.03.07"]
[SourceQuality "1"]

1. e4 c5 2. Nf3 e6 3. g3 Nc6 4. Bg2 Qc7 5. 0-0 Nge7 6. d3 Ng6 7. Nc3 a6 8. Ng5 f6 9. Nh3 d6 10. f4 Nd4 11. Ne2 e5 12. Nxd4 cxd4 13. Qh5 Qf7 14. fxe5 dxe5 15. Ng5 Qg8 16. Nf3 Be6 17. c3 Bf7 18. cxd4 Nf4 19. Qh4 g5 0-1